[Event "e2e4 Brighton Masters 2013"]
[Site "Brighton ENG"]
[Date "2013.02.17"]
[Round "3"]
[White "Kirk,Ez"]
[Black "Hawkins,Jo"]
[Result "1-0"]
[WhiteElo "2271"]
[BlackElo "2511"]

1.d4 Nf6 2.c4 g6 3.Nc3 d5 4.cxd5 Nxd5 5.e4 Nxc3 6.bxc3 Bg7 7.Be3 c5 8.Qd2 Qa5
9.Rb1 b6 10.Bb5+ Bd7 11.Be2 Bc6 12.Bd3 Nd7 13.Ne2 Rd8 14.Rc1 Ne5 15.dxe5 Bxe4
16.Nd4 Bxg2 17.Bb5+ Kf8 18.Nc6 Rxd2 19.Nxa5 Rb2 20.Rd1 f5 21.Rd8+ Kf7 22.Bc4+ e6
23.Rd7+ Kf8 24.Bxe6 Bxh1 25.Rf7+ Ke8 26.Nc4 Rb1+ 27.Kd2 Bf8 28.Nd6+ Bxd6
29.exd6 h6 30.Rc7 Kf8 31.Rc8+ Kg7 32.Rxh8 Bf3 33.Bb3 c4 34.Bd4+  1-0

[Event "TCh-HUN 2012-13"]
[Site "Budapest HUN"]
[Date "2013.02.17"]
[Round "7"]
[White "Farago,I"]
[Black "Hera,I"]
[Result "1/2-1/2"]
[WhiteElo "2486"]
[BlackElo "2570"]

1.d4 Nf6 2.c4 g6 3.Nc3 d5 4.cxd5 Nxd5 5.e4 Nxc3 6.bxc3 Bg7 7.Bc4 c5 8.Ne2 Nc6
9.Be3 O-O 10.O-O Bg4 11.f3 Na5 12.Bd3 cxd4 13.cxd4 Be6 14.d5 Bxa1 15.Qxa1 f6
16.Qd4 Bf7 17.Bh6 Re8 18.Bb5 e5 19.Qf2 Re7 20.f4 exf4 21.Qxf4 Qb6+ 22.Kh1 Bxd5
23.exd5 Qxb5 24.Qxf6 Qe8 25.Qd4 Rf7 26.Rxf7 Qxf7 27.Bd2 Qg7 28.Qxg7+ Kxg7
29.Bxa5 Rc8 30.Bc3+  1/2-1/2

[Event "Reykjavik Open 2013"]
[Site "Reykjavik ISL"]
[Date "2013.02.19"]
[Round "1.43"]
[White "Maggason,Oskar"]
[Black "Andersen,Mad"]
[Result "0-1"]
[WhiteElo "1903"]
[BlackElo "2462"]

1.d4 Nf6 2.c4 g6 3.Nc3 d5 4.cxd5 Nxd5 5.e4 Nxc3 6.bxc3 Bg7 7.Bc4 c5 8.Ne2 Nc6
9.Be3 O-O 10.O-O Bd7 11.Rb1 Qc7 12.Bb3 Na5 13.Bf4 Qc8 14.Ba4 Rd8 15.Bxd7 Qxd7
16.dxc5 Qc6 17.Qc2 Qxc5 18.a4 b6 19.Rb5 Qc6 20.Bg5 Rd7 21.Rc1 Rc8 22.Be3 Nc4
23.Rb4 a5 24.Rbb1 Na3 25.Qb3 Nxb1 26.Rxb1 Qxe4 27.Qxb6 Qxa4 28.h3 Rd1+ 29.Kh2 Rxb1
30.Qxb1 Qc4 31.Qb7 a4 32.Qb2 a3  0-1

[Event "Reykjavik Open 2013"]
[Site "Reykjavik ISL"]
[Date "2013.02.19"]
[Round "1.30"]
[White "Xiu Deshun"]
[Black "Thorsteinsdottir,H"]
[Result "1-0"]
[WhiteElo "2530"]
[BlackElo "1960"]

1.d4 Nf6 2.c4 g6 3.Nc3 d5 4.cxd5 Nxd5 5.e4 Nxc3 6.bxc3 Bg7 7.Be3 c5 8.Nf3 O-O
9.Be2 Nc6 10.O-O cxd4 11.cxd4 b6 12.Rc1 Bb7 13.d5 Ne5 14.Nd4 h5 15.f4 Nd7
16.Nc6 Qe8 17.e5 Rc8 18.Bf3 Kh8 19.Qb3 e6 20.Nxa7 Rxc1 21.Rxc1 exd5 22.Rc7 Qa8
23.Rxd7 Qxa7 24.Qxb6 Qxb6 25.Bxb6 Rb8 26.Ba7 Bc6 27.Bxb8  1-0

[Event "Reykjavik Open 2013"]
[Site "Reykjavik ISL"]
[Date "2013.02.20"]
[Round "3.17"]
[White "Diermair,A"]
[Black "Grandelius,N"]
[Result "1/2-1/2"]
[WhiteElo "2407"]
[BlackElo "2566"]

1.d4 Nf6 2.c4 g6 3.Nc3 d5 4.cxd5 Nxd5 5.e4 Nxc3 6.bxc3 Bg7 7.Be3 c5 8.Qd2 Qa5
9.Rc1 cxd4 10.cxd4 Qxd2+ 11.Bxd2 O-O 12.Nf3 e6 13.h4 Nc6 14.e5 Rd8 15.Bg5 Rd5
16.Bc4 Rd7 17.Be3 Rc7 18.Bd3 Bd7 19.Ke2 Rac8 20.Rb1 Ne7 21.Nd2 Ba4 22.Ne4 Bc2
23.Rb2 Nd5 24.Nd6 Bxd3+ 25.Kxd3 Rc3+ 26.Kd2 R8c6 27.Rxb7 Rc2+ 28.Kd3 f5 29.exf6 R6c3+
30.Ke4 Nxf6+ 31.Kf3 Bh6 32.Rhb1 Bxe3 33.fxe3 Nd5 34.Rb8+ Kg7 35.R8b7+ Kg8
36.Rb8+ Kg7 37.R8b7+ Kg8 38.R1b3 Nxe3 39.Rxc3 Rxc3 40.Ne4 Ra3 41.Nf6+ Kf8
42.Nxh7+ Kg8 43.Nf6+ Kf8 44.Nh7+ Kg8 45.Ke4  1/2-1/2

[Event "ch-ROU 2013"]
[Site "Baile Olanesti ROU"]
[Date "2013.02.21"]
[Round "7.14"]
[White "Voiteanu,G"]
[Black "David,Alexandru"]
[Result "1-0"]
[WhiteElo "2287"]
[BlackElo "2067"]

1.d4 Nf6 2.c4 g6 3.Nc3 d5 4.cxd5 Nxd5 5.e4 Nxc3 6.bxc3 Bg7 7.Bc4 O-O 8.Ne2 c5
9.O-O Nc6 10.Be3 Na5 11.Bd3 b6 12.Rb1 cxd4 13.cxd4 Bb7 14.Qd2 Rc8 15.Rfc1 Qd6
16.d5 e6 17.Bf4 Qa3 18.dxe6 fxe6 19.Bg5 Rcd8 20.Bxd8 Rxd8 21.Nf4 Bh6 22.Rd1 Ba6
23.Qc2 Rc8 24.Qe2 Bb7 25.Nxe6 Qd6 26.Qg4 Re8 27.Ng5 Qf6 28.h4 Bc8 29.Qg3 Bf8
30.Bb5 Re5 31.Rd5 Bd6 32.Qc3 Bb7 33.Rxe5 Bxe5 34.Qf3 h6 35.Qxf6 Bxf6 36.Nf3 Bxe4
37.Rc1 Nb7 38.Bc6 Bxf3 39.Bxf3 Nc5 40.h5 gxh5 41.Bxh5 Kf8 42.Re1 b5 43.Re8+ Kg7
44.Rc8 Bd4 45.Rc7+ Kf6 46.Rxa7 Ne4 47.Rb7 Bxf2+ 48.Kf1 Nd6 49.Rc7 Bd4 50.Ke2 Be5
51.Kd3 Ke6 52.Bg4+ Kd5 53.Bf3+ Ke6 54.Kc2 Nf5 55.Rc6+ Bd6 56.Rb6 Ke7 57.Kd3 b4
58.Bg4 Nh4 59.Bh3 Ng6 60.Ke4 h5 61.Ra6 Nh8 62.Rb6 Ng6 63.Kf5 Ne5 64.Rb7+  1-0

[Event "ch-ROU 2013"]
[Site "Baile Olanesti ROU"]
[Date "2013.02.22"]
[Round "9.7"]
[White "Hajbok,R"]
[Black "Petrisor,A"]
[Result "1/2-1/2"]
[WhiteElo "2313"]
[BlackElo "2392"]

1.c4 Nf6 2.d4 g6 3.Nc3 d5 4.cxd5 Nxd5 5.e4 Nxc3 6.bxc3 Bg7 7.Bc4 c5 8.Ne2 Nc6
9.Be3 cxd4 10.cxd4 O-O 11.O-O Bg4 12.f3 Na5 13.Bd3 Be6 14.d5 Bxa1 15.Qxa1 Re8
16.Bh6 f6 17.Kh1 Rc8 18.Nf4 Bd7 19.e5 Nc4 20.e6 Ba4 21.Nxg6 hxg6 22.Bxg6 Kh8
23.Qe1 Rg8 24.Be4 Be8 25.Qh4 Rg6 26.Qh5 Ne5 27.f4 Rc4 28.Bf5 Rxg2 29.Bg7+ Kxg7
30.Qh7+ Kf8 31.Qh8+ Rg8 32.Qh6+  1/2-1/2

[Event "Reykjavik Open 2013"]
[Site "Reykjavik ISL"]
[Date "2013.02.22"]
[Round "5.46"]
[White "Mihajlov,Seb"]
[Black "Bewersdorff,O"]
[Result "0-1"]
[WhiteElo "2059"]
[BlackElo "2335"]

1.d4 Nf6 2.c4 g6 3.Nc3 d5 4.cxd5 Nxd5 5.e4 Nxc3 6.bxc3 Bg7 7.Bc4 c5 8.Ne2 Nc6
9.Be3 O-O 10.O-O Bg4 11.f3 Bd7 12.Rb1 Qc7 13.dxc5 Rfd8 14.Bd5 Na5 15.Qc2 e6
16.Bb3 Bf8 17.Kh1 Bb5 18.c4 Be8 19.Bg5 Rdc8 20.Bf6 Qxc5 21.Bd4 Qc7 22.Ba1 Bg7
23.Bxg7 Kxg7 24.Qb2+ Kg8 25.Rbc1 Qc5 26.f4 Nc6 27.Qf6 Qe7 28.Qb2 Rc7 29.e5 Nb4
30.Rcd1 Rd8 31.Rxd8 Qxd8 32.Ng3 Bc6 33.Qa3 Qd2 34.Rg1 Nd3 35.h3 Nxf4 36.Qd6 Bxg2+
37.Kh2 Bd5+  0-1

[Event "Reykjavik Open 2013"]
[Site "Reykjavik ISL"]
[Date "2013.02.23"]
[Round "6.47"]
[White "Saduakassova,D"]
[Black "Finnbogadottir,T"]
[Result "1-0"]
[WhiteElo "2312"]
[BlackElo "1871"]

1.d4 Nf6 2.c4 g6 3.Nc3 d5 4.cxd5 Nxd5 5.e4 Nxc3 6.bxc3 Bg7 7.Be3 c5 8.Qd2 Qa5
9.Rc1 cxd4 10.cxd4 Qxd2+ 11.Kxd2 O-O 12.d5 Rd8 13.Bc4 e6 14.Ke2 Na6 15.Bg5 f6
16.Be3 Kf8 17.Nf3 exd5 18.Bxd5 f5 19.Ng5 h6 20.Rxc8 Raxc8 21.Ne6+ Ke7 22.Nxd8 Kxd8
23.Rd1 Rc2+ 24.Kf3 Kc7 25.Bf4+ Kb6 26.Rb1+ Kc5 27.a4 b6 28.Rb5+ Kd4 29.Be3+ Kc3
30.Rb3+  1-0

[Event "TCh-SWE Elite 2012-13"]
[Site "Sweden SWE"]
[Date "2013.02.23"]
[Round "6"]
[White "Ivanov,Sergey1"]
[Black "Akesson,R"]
[Result "1-0"]
[WhiteElo "2542"]
[BlackElo "2445"]

1.d4 Nf6 2.c4 g6 3.Nc3 d5 4.cxd5 Nxd5 5.e4 Nxc3 6.bxc3 Bg7 7.Nf3 c5 8.Be3 Qa5
9.Bd2 O-O 10.Be2 Qc7 11.O-O e6 12.Qc1 Nd7 13.Bf4 Qc6 14.Qe3 Nf6 15.Bd3 b6
16.a4 Bb7 17.Ne5 Qc8 18.a5 Nd7 19.Nc4 Qd8 20.Nd6 Bc6 21.Bc4 Nf6 22.dxc5 bxc5
23.Rfd1 Nd7 24.Nxf7 Rxf7 25.Rd6 Rc8 26.Bxe6 Qe8 27.e5 Nf8 28.Bxf7+ Qxf7 29.e6 Qe7
30.Rad1 Bf6 31.Be5 Bxe5 32.Qxe5 Rc7 33.Rd8 Rb7 34.h4 h5 35.a6 Rc7 36.Rxf8+  1-0

[Event "ch-LTU SF 2013"]
[Site "Vilnius LTU"]
[Date "2013.02.23"]
[Round "1.1"]
[White "Ceponis,Tadas"]
[Black "Laurusas,T"]
[Result "0-1"]
[WhiteElo "1931"]
[BlackElo "2377"]

1.d4 Nf6 2.c4 g6 3.Nc3 d5 4.cxd5 Nxd5 5.e4 Nxc3 6.bxc3 Bg7 7.Bc4 c5 8.Ne2 O-O
9.O-O Nc6 10.Be3 Bd7 11.Rb1 Qc7 12.Bf4 Qc8 13.d5 Na5 14.Bb5 e5 15.Be3 b6
16.Qa4 Bxb5 17.Rxb5 Nb7 18.Rbb1 Nd6 19.f3 Qe8 20.Qa6 f5 21.Qd3 fxe4 22.fxe4 Qa4
23.Rxf8+ Rxf8 24.Ng3 Qxa2 25.Rf1 Rxf1+ 26.Kxf1 Qa1+ 27.Ke2 c4 28.Qc2 Nb5
29.Bd2 Bf8 30.Nf1 Bb4 31.Ne3 Bxc3  0-1

[Event "Bundesliga 2012-13"]
[Site "Bremen GER"]
[Date "2013.02.24"]
[Round "10"]
[White "Scholz,C"]
[Black "Joachim,S"]
[Result "1/2-1/2"]
[WhiteElo "2389"]
[BlackElo "2436"]

1.d4 Nf6 2.c4 g6 3.Nc3 d5 4.cxd5 Nxd5 5.e4 Nxc3 6.bxc3 Bg7 7.Nf3 c5 8.Bb5+ Nc6
9.d5 a6 10.Ba4 b5 11.dxc6 Qxd1+ 12.Kxd1 bxa4 13.Ba3 Be6 14.Bxc5 Bxc3 15.Rc1 Bb2
16.Rc2 a3 17.Ke2 f6 18.Rd1 Kf7 19.Nd4 Bc8 20.Rd3 Rd8 21.Rcd2 a5 22.Bxa3 Rxd4
23.Rxd4 Bxa3 24.Rc2 Bd6 25.g3 Ba6+ 26.Ke3 Rc8 27.Rd5 Bc7  1/2-1/2

[Event "TCh-CZE Div1 Zapad 2012-13"]
[Site "Czech Republic CZE"]
[Date "2013.02.24"]
[Round "8.1"]
[White "Vokac,M"]
[Black "Petr,Ma"]
[Result "0-1"]
[WhiteElo "2471"]
[BlackElo "2521"]

1.d4 Nf6 2.c4 g6 3.Nc3 d5 4.cxd5 Nxd5 5.e4 Nxc3 6.bxc3 Bg7 7.Nf3 c5 8.Rb1 O-O
9.Be3 Nc6 10.Qd2 cxd4 11.cxd4 Bg4 12.d5 Bxf3 13.gxf3 Ne5 14.Be2 Qc8 15.O-O Qh3
16.Rxb7 Nxf3+ 17.Bxf3 Qxf3 18.Bf4 Qxe4 19.Re1 Qf3 20.Rexe7 Bf6 21.Rec7 Rfe8
22.Rb3 Qh5 23.Bg3 Re2 24.Qd3 Be5 25.Rc1 Rd8 26.Qf3 Qxf3 27.Rxf3 Rxd5 28.Rc8+ Kg7
29.Re8 Re1+ 30.Kg2 Bc3 31.Rc8 Ba5 32.Rb8 Re7 33.Bh4 g5 34.Bg3 f5 35.h4 h6
36.hxg5 hxg5 37.Rfb3 Bb6 38.a4 Re2 39.Rb7+ Kf6 40.Kf3 Rc2 41.a5 g4+ 42.Kg2 Bxf2
43.Bxf2 Rdd2 44.Rxa7 Rxf2+ 45.Kg1 Rg2+ 46.Kh1 Rh2+ 47.Kg1 Rcg2+ 48.Kf1 Rb2
49.Rh7  0-1

[Event "29th Open"]
[Site "Cappelle la Grande FRA"]
[Date "2013.02.25"]
[Round "4.32"]
[White "Loiseau,Q"]
[Black "Le Roux,JP"]
[Result "1/2-1/2"]
[WhiteElo "2374"]
[BlackElo "2564"]

1.d4 Nf6 2.c4 g6 3.Nc3 d5 4.cxd5 Nxd5 5.e4 Nxc3 6.bxc3 Bg7 7.Be3 c5 8.Nf3 O-O
9.Be2 Qa5 10.O-O Nd7 11.Qb3 Qc7 12.Rad1 b6 13.d5 Bb7 14.c4 Rfe8 15.a4 e6
16.Rfe1 exd5 17.exd5 Nf6 18.Nd2 Bc8 19.h3 Bd7 20.Bf3 Rad8 21.Qa3 h6 22.Re2 Qc8
23.a5 Qa6 24.Ra1 b5 25.Bxc5 bxc4 26.Rc1 Bb5 27.Rxe8+ Rxe8 28.Bd4 Rd8  1/2-1/2

[Event "33rd TCh-IND 2013"]
[Site "Hyderabad IND"]
[Date "2013.02.25"]
[Round "8.1"]
[White "Vishnu,P"]
[Black "Adhiban,Baskaran"]
[Result "1-0"]
[WhiteElo "2483"]
[BlackElo "2547"]

1.d4 Nf6 2.c4 g6 3.Nc3 d5 4.cxd5 Nxd5 5.e4 Nxc3 6.bxc3 Bg7 7.Qa4+ Qd7 8.Qb3 O-O
9.Be3 Nc6 10.Nf3 Na5 11.Qc2 b6 12.Rd1 Bb7 13.Be2 Qc6 14.Bd3 Nc4 15.Bc1 b5
16.O-O Rad8 17.Rfe1 a6 18.h4 Bc8 19.h5 Bg4 20.h6 Bf6 21.e5 Bxf3 22.gxf3 Bh8
23.Be4 Qd7 24.Bg5 Rfe8 25.Kh2 Qe6 26.f4 f6 27.f5 gxf5 28.Bxf5 Qf7 29.Bh4 fxe5
30.Be6 Qxe6 31.Rg1+ Kf8 32.Qxh7 Qd5 33.Rg7  1-0

[Event "Zagreb Open A 2013"]
[Site "Zagreb CRO"]
[Date "2013.02.25"]
[Round "1.16"]
[White "Loncar,R"]
[Black "Tucakovic,Z"]
[Result "1-0"]
[WhiteElo "2405"]
[BlackElo "1973"]

1.d4 Nf6 2.c4 g6 3.Nc3 d5 4.cxd5 Nxd5 5.e4 Nxc3 6.bxc3 Bg7 7.Nf3 O-O 8.Be3 c5
9.Be2 Nc6 10.O-O Bg4 11.d5 Bxf3 12.Bxf3 Na5 13.Bxc5 Bxc3 14.Rc1 Be5 15.Be2 b6
16.Be3 Nb7 17.f4 Bd6 18.e5 Bc5 19.Bxc5 Nxc5 20.Bf3 Rc8 21.Qd4 Qd7 22.Rc4 Rfd8
23.Rfc1 Ne6 24.Qc3 Rxc4 25.Qxc4 Nc5 26.Rd1 Qa4 27.Qxa4 Nxa4 28.Rc1 Nc5 29.Rc3 Kf8
30.Kf2 h5 31.Ke3 f6 32.h4 Kf7 33.Ra3 a6 34.Rc3 f5 35.Rc1 Ke8 36.Rb1 Rb8 37.Kd4 Kd7
38.Rc1 Rc8 39.Rc3 Kd8 40.Be2 Kd7 41.Rg3 Rg8 42.Bxh5 Ne4 43.Rxg6 Rh8 44.Bf3 Rxh4
45.g3 Rh3 46.Bxe4 fxe4 47.Rxb6 Rh2 48.Kxe4 Rg2 49.Rxa6 Rxg3 50.Kf5 Rd3 51.Ra7+  1-0

[Event "29th Open"]
[Site "Cappelle la Grande FRA"]
[Date "2013.02.26"]
[Round "5.46"]
[White "Naumkin,I"]
[Black "Rambaldi,Francesco"]
[Result "1/2-1/2"]
[WhiteElo "2495"]
[BlackElo "2321"]

1.d4 Nf6 2.c4 g6 3.Nc3 d5 4.cxd5 Nxd5 5.e4 Nxc3 6.bxc3 Bg7 7.Bc4 c5 8.Ne2 O-O
9.O-O Nc6 10.Be3 b6 11.Qd2 Bb7 12.Rad1 Rc8 13.Bh6 cxd4 14.cxd4 Bxh6 15.Qxh6 Nb4
16.Bd3 e6 17.Rfe1 Nxd3 18.Rxd3 Bxe4 19.Rh3 g5 20.Rg3 Kh8 21.Rxg5 Rg8 22.Rxg8+ Qxg8
23.Ng3 Bd5 24.h4 Rc4 25.Re5 Qg7 26.Qf4 f6 27.Rxd5 exd5 28.Qb8+ Qg8 29.Qd6 Rc8
30.Qxf6+ Qg7 31.Qe6 Rf8 32.Qxd5 Qf7 33.Qe5+ Qf6 34.f4 Qxe5 35.fxe5 Rf4 36.e6 Kg8
37.d5 Kf8 38.Ne2 Rc4 39.Kf2 Ke7 40.Kf3 Rxh4 41.Ng3 Rc4 42.Nf5+ Kf6 43.e7 Rc8
44.Ke4 Rg8 45.d6 Ke6 46.Ng7+ Kd7 47.e8=Q+ Rxe8+ 48.Nxe8 Kxe8 49.Kd5 Kd7 50.g4 h6
51.a4 a6 52.Ke5 b5 53.axb5 axb5 54.Kd5 b4 55.Kc4 Kxd6 56.Kxb4 Ke5 57.Kc3 Kf4
58.Kd2 Kxg4 59.Ke2 Kg3 60.Kf1 Kh2 61.Kf2 h5 62.Kf1 h4 63.Kf2 Kh3 64.Kg1 Kg3  1/2-1/2

[Event "Reykjavik Open 2013"]
[Site "Reykjavik ISL"]
[Date "2013.02.26"]
[Round "9.64"]
[White "Mihajlov,Seb"]
[Black "Merkesvik,Sondre"]
[Result "1/2-1/2"]
[WhiteElo "2059"]
[BlackElo "1903"]

1.d4 Nf6 2.c4 g6 3.Nc3 d5 4.cxd5 Nxd5 5.e4 Nxc3 6.bxc3 Bg7 7.Bc4 c5 8.Ne2 Nc6
9.Be3 O-O 10.O-O Qc7 11.Rc1 Rd8 12.Bf4 Qd7 13.dxc5 Qe8 14.Bd5 Ne5 15.Bxe5 Bxe5
16.Qb3 Rb8 17.f4 e6 18.Bc4 Bg7 19.Ng3 Qc6 20.e5 b5 21.Be2 Bb7 22.Bf3 Qxc5+
23.Kh1  1/2-1/2

[Event "Reykjavik Open 2013"]
[Site "Reykjavik ISL"]
[Date "2013.02.27"]
[Round "10.66"]
[White "Fivelstad,Jon Olav"]
[Black "Frick,R"]
[Result "1/2-1/2"]
[WhiteElo "1888"]
[BlackElo "2075"]

1.d4 Nf6 2.c4 g6 3.Nc3 d5 4.cxd5 Nxd5 5.e4 Nxc3 6.bxc3 Bg7 7.Be3 O-O 8.Nf3 c5
9.Qd2 Qa5 10.Rc1 Rd8 11.Bc4 Nc6 12.d5 b5 13.Be2 c4 14.O-O Bg4 15.h3 Bxf3
16.Bxf3 e6 17.Rfd1 Rac8 18.Bf4 exd5 19.exd5 Ne5 20.Bg4 Rc5 21.d6 Nd3 22.Bg5 Rxg5
23.Qxg5 Nxc1 24.Qxc1 Bxc3 25.Qe3 Bf6 26.d7 c3 27.Rd6 Kg7 28.Rxf6 Kxf6 29.Qd4+ Ke7
30.Qe5+ Kf8 31.Qh8+ Ke7 32.Qe5+ Kf8 33.Qh8+ Ke7 34.Qe5+ Kf8  1/2-1/2

[Event "29th Open"]
[Site "Cappelle la Grande FRA"]
[Date "2013.03.01"]
[Round "8.105"]
[White "Mattheys,E"]
[Black "Mueller,Ra1"]
[Result "0-1"]
[WhiteElo "1927"]
[BlackElo "2412"]

1.d4 Nf6 2.c4 g6 3.Nc3 d5 4.cxd5 Nxd5 5.e4 Nxc3 6.bxc3 Bg7 7.Bc4 c5 8.Ne2 Nc6
9.Be3 O-O 10.O-O e6 11.Rb1 cxd4 12.cxd4 b6 13.Qd2 Bb7 14.f3 Rc8 15.Rfc1 Qe7
16.Bb5 Rfd8 17.Bxc6 Rxc6 18.Rxc6 Bxc6 19.Rc1 Bb5 20.Nc3 Bc4 21.Rd1 b5 22.Qc2 Qa3
23.Bc1 Qa5 24.Be3 Rc8 25.Rc1 Qa3 26.Kf2 Rd8 27.d5 b4 28.Nb1 Qxa2 29.Qxa2 Bxa2
30.dxe6 fxe6 31.Bxa7 b3 32.Be3 b2 33.Re1 Bxb1  0-1

[Event "29th Open"]
[Site "Cappelle la Grande FRA"]
[Date "2013.03.01"]
[Round "8.14"]
[White "Nabaty,T"]
[Black "Flores Rios,M"]
[Result "1/2-1/2"]
[WhiteElo "2573"]
[BlackElo "2481"]

1.d4 Nf6 2.c4 g6 3.Nc3 d5 4.cxd5 Nxd5 5.e4 Nxc3 6.bxc3 Bg7 7.Qa4+ Nd7 8.Nf3 O-O
9.Bg5 c5 10.Rc1 h6 11.Be3 Nf6 12.Bd3 e6 13.O-O Qc7 14.Ne5 Nd7 15.Nc4 a6 16.e5 b5
17.Qa5 Ra7 18.Qxc7 Rxc7 19.Nd6 Bb7 20.f4 c4 21.Nxb7 cxd3 22.Nd6 Nb6 23.Rfd1 Nc4
24.Rxd3 Nxd6 25.exd6 Rd7 26.d5 Rc8 27.dxe6 fxe6 28.Bb6 Rc4 29.Ba5 Rxf4 30.Re1 e5
31.Bb4 Kf7 32.a4 bxa4 33.Rd5 Rc4  1/2-1/2

[Event "TCh-ISL 2012-13"]
[Site "Reykjavik ISL"]
[Date "2013.03.01"]
[Round "5.1"]
[White "Nyback,T"]
[Black "Gislason,G"]
[Result "1-0"]
[WhiteElo "2600"]
[BlackElo "2329"]

1.d4 Nf6 2.c4 g6 3.Nc3 d5 4.cxd5 Nxd5 5.e4 Nxc3 6.bxc3 Bg7 7.Bg5 O-O 8.Nf3 c5
9.Rc1 Bg4 10.d5 h6 11.Be3 Nd7 12.Be2 e6 13.h3 Bxf3 14.Bxf3 exd5 15.exd5 Re8
16.O-O Rxe3 17.fxe3 Qg5 18.Qe1 Ne5 19.Qe2 c4 20.Rcd1 Nd3 21.Be4 Nc5 22.Bc2 Be5
23.d6 Qg3 24.Qxc4 Qxe3+ 25.Rf2 Rf8 26.Kf1 Qxc3 27.Qxc3 Bxc3 28.Bxg6 Ne6 29.Bf5 Nd8
30.Re2 b5 31.d7 b4 32.Re8 Kg7 33.Rd3  1-0

[Event "TCh-CAT Div Hon 2013"]
[Site "Catalonia ESP"]
[Date "2013.03.02"]
[Round "7.7"]
[White "Hernando Rodrigo,Jo"]
[Black "Subirats Ruiz,S"]
[Result "1-0"]
[WhiteElo "2348"]
[BlackElo "2163"]

1.d4 Nf6 2.c4 g6 3.Nc3 d5 4.cxd5 Nxd5 5.e4 Nxc3 6.bxc3 Bg7 7.Nf3 O-O 8.Be2 c5
9.O-O Nc6 10.Be3 Qc7 11.Rc1 b6 12.dxc5 Rd8 13.cxb6 axb6 14.Qb3 Be6 15.Qb5 Rdb8
16.Nd4 Bd7 17.Qb3 b5 18.Nxb5 Qe5 19.Qd5 Qxd5 20.exd5 Ne5 21.Na7 Rb2 22.Rfe1 Rxa2
23.Ra1 Rxa1 24.Rxa1 Ng4 25.Bxg4 Bxg4 26.Ra4 Bd7 27.Ra3 e6 28.d6 Be5 29.c4 Rb8
30.f4 Bg7 31.c5 e5 32.c6 exf4 33.Bxf4 Bd4+ 34.Be3 Bxc6 35.Nxc6 Bxe3+ 36.Rxe3 Rb1+
37.Kf2 Rd1 38.Re8+ Kg7 39.Rd8 Ra1 40.Nd4 Kf6 41.Re8 Rd1 42.d7  1-0

[Event "TCh-ISL 2012-13"]
[Site "Reykjavik ISL"]
[Date "2013.03.02"]
[Round "6.1"]
[White "Eljanov,P"]
[Black "Nyback,T"]
[Result "1/2-1/2"]
[WhiteElo "2697"]
[BlackElo "2600"]

1.d4 Nf6 2.c4 g6 3.Nc3 d5 4.cxd5 Nxd5 5.e4 Nxc3 6.bxc3 Bg7 7.Bb5+ c6 8.Ba4 O-O
9.Ne2 c5 10.O-O Nc6 11.Be3 Na5 12.Bb5 Bd7 13.Bd3 Rc8 14.Rb1 e5 15.dxc5 Be6
16.Qc2 Qc7 17.Qa4 Rfd8 18.Nc1 Bf8 19.Rb5 Nc6 20.Be2  1/2-1/2

[Event "TCh-HUN 2012-13"]
[Site "Mako HUN"]
[Date "2013.03.03"]
[Round "8"]
[White "Csonka,B"]
[Black "Bakos,B"]
[Result "1-0"]
[WhiteElo "2287"]
[BlackElo "2376"]

1.d4 Nf6 2.c4 g6 3.Nc3 d5 4.cxd5 Nxd5 5.e4 Nxc3 6.bxc3 Bg7 7.Be3 c5 8.Rc1 O-O
9.Nf3 Qa5 10.Qd2 cxd4 11.cxd4 Qxd2+ 12.Nxd2 Rd8 13.Bb5 Bd7 14.Bxd7 Nxd7 15.Ke2 Rdc8
16.Nb3 b6 17.Rhd1 e6 18.f3 Bf8 19.d5 exd5 20.Rxd5 Rxc1 21.Bxc1 Nc5 22.Nxc5 Bxc5
23.Rd7 b5 24.Be3 Rc8 25.Bxc5 Rxc5 26.Rxa7 Rc2+ 27.Kf1 b4 28.h4 h5 29.Kg1 Kg7
30.Kh2 Kf6 31.a4 Ra2 32.a5 b3 33.Rb7 b2 34.a6 Ke5 35.a7 Rxa7 36.Rxb2 f6 37.Rb6 Rf7
38.Kg3 Rf8 39.Rb7 Rg8 40.Ra7 Ke6 41.Kf4 g5+ 42.hxg5 fxg5+ 43.Ke3 Rb8 44.Rh7 h4
45.Rh6+ Ke5 46.Rg6 Rb3+ 47.Kf2 Rb2+ 48.Kg1 Kf4 49.Kh2 Rb1 50.Rf6+ Ke3 51.e5 Rb8
52.Rf5 g4 53.fxg4 Ke4 54.Kh3 Kd5 55.Kxh4 Ke6 56.Kg5 Ra8 57.Rf2 Rg8+ 58.Kh5 Rh8+
59.Kg5 Rg8+ 60.Kf4 Rf8+ 61.Kg3 Ra8 62.Re2 Rg8 63.Re3 Rg7 64.Kh4 Rh7+ 65.Kg5 Rh8
66.Re4 Rg8+ 67.Kh6 Rh8+ 68.Kg7 Rh2 69.Re2 Rh4 70.g5 Rg4 71.g6 Kf5 72.Kf7  1-0

[Event "79th ch-BRA 2013"]
[Site "Montenegro BRA"]
[Date "2013.03.03"]
[Round "8.1"]
[White "Macedo,MIa"]
[Black "Olivencia,F"]
[Result "1/2-1/2"]
[WhiteElo "2408"]
[BlackElo "2211"]

1.d4 Nf6 2.c4 g6 3.Nc3 d5 4.cxd5 Nxd5 5.e4 Nxc3 6.bxc3 Bg7 7.Bc4 O-O 8.Ne2 c5
9.Be3 cxd4 10.cxd4 Nc6 11.O-O Bg4 12.f3 Na5 13.Bxf7+ Rxf7 14.fxg4 Rxf1+ 15.Kxf1 Qd7
16.h3 Qe6 17.Qd3 Rd8 18.Kg1 Nc4 19.Bf2 b5 20.Rb1 a6 21.a4 Qd7 22.axb5 axb5
23.g5 e6 24.h4 Ra8 25.Qb3 Nd2 26.Qxb5 Qxb5 27.Rxb5 Nxe4 28.Be3 Ra1+ 29.Nc1 Nc3
30.Rb8+ Kf7 31.Rb7+ Kg8  1/2-1/2

[Event "3rd Ferdynand Dziedzica Mem"]
[Site "Trzcianka POL"]
[Date "2013.03.03"]
[Round "8.1"]
[White "Krasenkow,M"]
[Black "Tazbir,M"]
[Result "1/2-1/2"]
[WhiteElo "2643"]
[BlackElo "2555"]

1.d4 Nf6 2.c4 g6 3.Nc3 d5 4.cxd5 Nxd5 5.e4 Nxc3 6.bxc3 Bg7 7.Bc4 O-O 8.Ne2 c5
9.O-O Nc6 10.d5 Ne5 11.Bb3 c4 12.Bc2 e6 13.f4 Nd3 14.Bxd3 cxd3 15.Qxd3 exd5
16.exd5 Bf5 17.Qf3 Re8 18.Ng3 Bd7 19.f5 Bb5 20.Rd1 Ba4 21.Rd3 Bb5 22.Re3 Qb6
23.Kh1 Bc4 24.Rxe8+ Rxe8 25.Bf4 Qb2 26.Rd1 Qc2 27.Rg1 Qxc3 28.Qxc3 Bxc3 29.d6 Bb5
30.h3 Be5 31.Bxe5 Rxe5 32.Rc1 Bc6 33.Rd1 Bd7 34.Rc1 Bc6 35.Rd1 Bd7 36.Rc1  1/2-1/2

[Event "TCh-AUT 2 East 2012-13"]
[Site "Austria AUT"]
[Date "2013.03.09"]
[Round "8.4"]
[White "Kleiser,G"]
[Black "Brod,M"]
[Result "1/2-1/2"]
[WhiteElo "2286"]
[BlackElo "2234"]

1.d4 Nf6 2.c4 g6 3.Nc3 d5 4.cxd5 Nxd5 5.e4 Nxc3 6.bxc3 Bg7 7.Nf3 c5 8.Rb1 b6
9.Be2 Bb7 10.Qd3 Ba6 11.Qe3 cxd4 12.cxd4 Bxe2 13.Qxe2 O-O 14.O-O Nc6 15.d5 Na5
16.Rd1 Rc8 17.Bf4 Qd7 18.h4 Nc4 19.Rb4 b5 20.a4 a6 21.axb5 axb5 22.e5 Rc5
23.e6 fxe6 24.dxe6 Qa7 25.Be3 Nxe3 26.Qxe3 Qb6 27.Rdb1 Rb8 28.Ng5 Bc3 29.R4b3 Bd4
30.Qe2 Rf5 31.Nf3 Bg7 32.Qd3 Rb7 33.Qe4 Rb8 34.Qe2 Rb7 35.Rd3 b4 36.Rd7 Rc5
37.Qe4 Rb5 38.Qf4 Bf6 39.Ng5 Rf5 40.Qd2 b3 41.Ne4 Bxh4 42.g3 Bf6 43.g4 Re5
44.Nxf6+ exf6 45.Rd1 Qxe6 46.Rxb7 Qxg4+ 47.Kf1 Qh3+ 48.Kg1 Qg4+ 49.Kf1 Qh3+
50.Kg1  1/2-1/2

[Event "11th Meurthe Festival"]
[Site "Nancy FRA"]
[Date "2013.03.09"]
[Round "5.3"]
[White "Istratescu,A"]
[Black "Dourerassou,J"]
[Result "1-0"]
[WhiteElo "2651"]
[BlackElo "2464"]

1.d4 Nf6 2.c4 g6 3.Nc3 d5 4.cxd5 Nxd5 5.e4 Nxc3 6.bxc3 Bg7 7.Be3 c5 8.Qd2 O-O
9.Rc1 Qa5 10.d5 f5 11.c4 Qxd2+ 12.Kxd2 fxe4 13.Ne2 b6 14.g3 Bg4 15.Bg2 Bf3
16.Bxf3 exf3 17.Nf4 Nd7 18.Ne6 Rf5 19.g4 Re5 20.h3 Rc8 21.a4 Rxe6 22.dxe6 Ne5
23.Rhd1 Rc6 24.Bf4 Rxe6 25.Rc3 Nxg4 26.Rxf3 Nf6 27.Re3 Ne4+ 28.Kc2 Bd4 29.Re2 g5
30.Bb8 Kf7 31.Bxa7 h5 32.f3 Nd6 33.Rxe6 Kxe6 34.Kd3 Nc8 35.Bb8 Kf5 36.Rb1 e5
37.Bc7 Kf4 38.Ke2 Kg3 39.Bxb6 Kxh3 40.a5 Kg2 41.Rb5 h4 42.Bxc5 h3 43.Bxd4 h2
44.Rxe5 g4 45.Rh5 gxf3+ 46.Ke1 Ne7 47.a6 Nf5 48.Rxh2+ Kxh2 49.Kf2 Nxd4 50.a7  1-0

[Event "UTD Turner GM Invitational 2013"]
[Site "Richardson USA"]
[Date "2013.03.09"]
[Round "2"]
[White "Flores Rios,M"]
[Black "Zherebukh,Y"]
[Result "1/2-1/2"]
[WhiteElo "2481"]
[BlackElo "2623"]

1.d4 Nf6 2.c4 g6 3.Nc3 d5 4.cxd5 Nxd5 5.e4 Nxc3 6.bxc3 Bg7 7.Bg5 c5 8.Rc1 Qa5
9.Qd2 cxd4 10.cxd4 Qxd2+ 11.Kxd2 O-O 12.Nf3 Bg4 13.Rc7 Bxf3 14.gxf3 Bxd4
15.Bxe7 Re8 16.Rxb7 Nc6 17.Bh4 Rab8 18.Ba6 Rxb7 19.Bxb7 Nb4 20.a3 Rb8 21.Be7  1/2-1/2

[Event "FIDE Women's World Teams"]
[Site "Astana KAZ"]
[Date "2013.03.10"]
[Round "7.1"]
[White "Dzagnidze,N"]
[Black "Lahno,Kateri"]
[Result "1/2-1/2"]
[WhiteElo "2554"]
[BlackElo "2547"]

1.d4 Nf6 2.c4 g6 3.Nc3 d5 4.cxd5 Nxd5 5.e4 Nxc3 6.bxc3 Bg7 7.Qa4+ Nd7 8.Nf3 O-O
9.Bg5 c5 10.Rc1 h6 11.Be3 b6 12.Bb5 a6 13.O-O Bb7 14.Bxd7 b5 15.Bxb5 axb5
16.Qxb5 cxd4 17.Qxb7 dxe3 18.fxe3 Qd3 19.Qxe7 Rxa2 20.Kh1 Qe2 21.Rg1 Qxe3
22.e5 Re2 23.c4 Bxe5 24.Nxe5 Qxe5 25.Qxe5 Rxe5 26.Rc2 Rc8 27.Rgc1 Rcc5 28.Kg1 Re4
29.Kf2 f5 30.g3 Kg7 31.h4 h5 32.Kf3 Kf6 33.Rc3 Kg7 34.R3c2 Kf6 35.Rc3 Ke5  1/2-1/2

[Event "11th Meurthe Festival KO"]
[Site "Nancy FRA"]
[Date "2013.03.10"]
[Round "3.1"]
[White "Dobrov,V"]
[Black "Vachier Lagrave,M"]
[Result "1-0"]
[WhiteElo "2537"]
[BlackElo "2722"]

1.d4 Nf6 2.c4 g6 3.Nc3 d5 4.cxd5 Nxd5 5.e4 Nxc3 6.bxc3 Bg7 7.Nf3 c5 8.Rb1 O-O
9.Be2 b6 10.O-O Bb7 11.d5 Bxc3 12.Bc4 Bg7 13.h4 Bc8 14.Bf4 Bg4 15.Qd3 Bxf3
16.Qxf3 Nd7 17.Bb5 Ne5 18.Qg3 Qd6 19.a4 Rac8 20.Rbd1 c4 21.Rc1 Qf6 22.Be3 Qd6
23.f4 Nd3 24.Rxc4 Rxc4 25.Bxc4 Nb2 26.Bb5 Rc8 27.Bc6 Rxc6 28.dxc6 Qxc6 29.f5 h6
30.e5 gxf5 31.Rxf5 Qg6 32.Qf3 Nc4 33.h5 Qe6 34.Bd4 Nxe5 35.Qa8+ Kh7 36.Rxe5 Bxe5
37.Qe4+ Kg7 38.Bxe5+ f6 39.Qg6+ Kf8 40.Qxh6+ Ke8 41.Qg6+ Kf8 42.Bg3  1-0